| 000 | 00523nam a22001817a 4500 | ||
|---|---|---|---|
| 003 | CEME | ||
| 005 | 20210628203941.0 | ||
| 008 | 210105b xxu||||| |||| 00| 0 eng d | ||
| 020 | _a9788131203293 | ||
| 040 | _cceme | ||
| 082 | _a005.43 SMI | ||
| 100 |
_aSmith, James.E, Nair, Ravi _967984 |
||
| 245 | _aVirtual machines, versatile platforms for systems and processes | ||
| 260 |
_aDELHI _bMORGAN KAUFMAN _c2011 |
||
| 300 | _aXVII, 638P | ||
| 650 |
_aVIRTUAL COMPUTER SYSTEM.VIRTUAL MACHINES _967985 |
||
| 942 |
_cBK _2ddc |
||
| 999 |
_c575654 _d575654 |
||